[Event "SVK-chT1W 2324"]
[Site "Slovakia"]
[Date "2024.02.04"]
[Round "9.4"]
[White "Macko, Miroslav"]
[Black "Petrek, Dominik"]
[Result "1/2-1/2"]
[WhiteElo "2279"]
[BlackElo "2253"]
[PlyCount "25"]
[EventDate "2023.10.21"]
[EventType "team-tourn"]
[EventRounds "11"]
[EventCountry "SVK"]
[SourceTitle "EXT 2025"]
[Source "ChessBase"]
[SourceDate "2024.10.14"]
[SourceVersion "1"]
[SourceVersionDate "2024.10.14"]
[SourceQuality "1"]
[WhiteTeam "Bratislava KSN"]
[BlackTeam "Bratislava Doprastav"]
[WhiteTeamCountry "SVK"]
[BlackTeamCountry "SVK"]

1. e4 e6 2. d4 d5 3. Nd2 c5 4. exd5 Qxd5 5. Ngf3 cxd4 6. Bc4 Qd7 7. 0-0 Nc6 8. Nb3 a6 9. Nbxd4 Nxd4 10. Qxd4 Qxd4 11. Nxd4 Bd7 12. c3 Rc8 13. Bb3 1/2-1/2

[Event "FIDE World Uni Rapid-B 1st"]
[Site "Tornelo INT"]
[Date "2021.03.20"]
[Round "5"]
[White "Oparin, Grigoriy"]
[Black "Macko, Miroslav"]
[Result "1-0"]
[WhiteElo "2652"]
[BlackElo "2273"]
[PlyCount "61"]
[EventDate "2021.03.20"]
[EventType "swiss (rapid)"]
[EventRounds "12"]
[EventCountry "NET"]
[SourceTitle "CBM 201 Extra"]
[Source "ChessBase"]
[SourceDate "2021.05.31"]
[SourceVersion "1"]
[SourceVersionDate "2021.05.31"]
[SourceQuality "1"]

1. g3 d5 2. Bg2 Nf6 3. Nf3 Bg4 4. 0-0 e6 5. c4 Be7 6. Qb3 Qc8 7. d4 c6 8. Nc3 0-0 9. Bf4 Nbd7 10. Rac1 dxc4 11. Qxc4 Nb6 12. Qb3 Rd8 13. Rfd1 Rd7 14. Ne5 Rd8 15. Nxg4 Nxg4 16. e4 g5 17. Be3 Nxe3 18. fxe3 g4 19. e5 Nd5 20. Ne4 Kh8 21. Rf1 Rf8 22. Rf2 Qc7 23. Rcf1 Bd8 24. Nd6 f5 25. e4 Nb6 26. Qxe6 Be7 27. Nxf5 Rae8 28. Qh6 Bd8 29. Nd6 Rxf2 30. Rxf2 Rg8 31. Nf7+ 1-0

[Event "SVK-chT 1920"]
[Site "Slovakia"]
[Date "2020.01.19"]
[Round "6.5"]
[White "Macko, Miroslav"]
[Black "Gazik, Viktor"]
[Result "0-1"]
[WhiteElo "2285"]
[BlackElo "2508"]
[PlyCount "82"]
[EventDate "2019.10.19"]
[EventType "team-tourn"]
[EventRounds "11"]
[EventCountry "SVK"]
[SourceTitle "CBM 194 Extra"]
[Source "ChessBase"]
[SourceDate "2020.03.31"]
[SourceVersion "1"]
[SourceVersionDate "2020.03.31"]
[SourceQuality "1"]
[WhiteTeam "Bratislava KSN"]
[BlackTeam "Podhajska Aquamarin"]
[WhiteTeamCountry "SVK"]
[BlackTeamCountry "SVK"]

1. Nf3 Nf6 2. c4 Nc6 3. d4 d6 4. g3 g6 5. Bg2 Bg7 6. 0-0 0-0 7. Nc3 a6 8. b3 Rb8 9. a4 Bf5 10. Ba3 a5 11. d5 Nb4 12. Nd4 Qd7 13. Re1 Bh3 14. Rc1 Bxg2 15. Kxg2 c6 16. e4 Qc7 17. f4 Nd7 18. Nf3 Nc5 19. Bxb4 axb4 20. Na2 Qa5 21. dxc6 bxc6 22. Qc2 Nxa4 23. e5 Nc5 24. Rcd1 Rfd8 25. Nc1 dxe5 26. fxe5 Ra8 27. Nd4 Qc7 28. Nf3 Rxd1 29. Qxd1 Rd8 30. Qc2 Qd7 31. Qf2 Ne6 32. Ne2 Bh6 33. Qb6 c5 34. Nc1 Bxc1 35. Rxc1 Qd3 36. Rf1 Qxb3 37. Qa6 Qc2+ 38. Rf2 Qe4 39. Qa2 Rd3 40. Qe2 Qxe2 41. Rxe2 Rxf3 0-1

[Event "SVK-chT 1920"]
[Site "Slovakia"]
[Date "2019.11.23"]
[Round "3.5"]
[White "Mazur, Stefan"]
[Black "Macko, Miroslav"]
[Result "1-0"]
[WhiteElo "2457"]
[BlackElo "2285"]
[PlyCount "53"]
[EventDate "2019.10.19"]
[EventType "team-tourn"]
[EventRounds "11"]
[EventCountry "SVK"]
[SourceTitle "CBM 193 Extra"]
[Source "ChessBase"]
[SourceDate "2020.01.31"]
[SourceVersion "1"]
[SourceVersionDate "2020.01.31"]
[SourceQuality "1"]
[WhiteTeam "Liptov Chess School"]
[BlackTeam "Bratislava KSN"]
[WhiteTeamCountry "SVK"]
[BlackTeamCountry "SVK"]

1. e4 e5 2. Nf3 Nf6 3. Nc3 Nc6 4. Bb5 Bb4 5. 0-0 0-0 6. d3 d6 7. Ne2 Bg4 8. Bxc6 bxc6 9. Ng3 Nh5 10. h3 Nxg3 11. fxg3 Be6 12. Be3 f6 13. c3 Bc5 14. Bxc5 dxc5 15. d4 cxd4 16. cxd4 Qb8 17. Rc1 Qb6 18. Qa4 Bd7 19. Kh2 exd4 20. e5 Kh8 21. exf6 Rxf6 22. Ne5 Rxf1 23. Rxf1 Be6 24. Qa3 c5 25. Qf3 Rg8 26. Qe4 Qd6 27. Ng6+ 1-0

[Event "AUT-chT2O 1819"]
[Site "Austria"]
[Date "2019.03.10"]
[Round "9.2"]
[White "Macko, Miroslav"]
[Black "Reyes Acevedo, Ismael"]
[Result "1-0"]
[WhiteElo "2294"]
[BlackElo "1964"]
[PlyCount "57"]
[EventDate "2018.10.06"]
[EventType "team-tourn"]
[EventRounds "11"]
[EventCountry "AUT"]
[SourceTitle "CBM 189 Extra"]
[Source "ChessBase"]
[SourceDate "2019.05.31"]
[SourceVersion "1"]
[SourceVersionDate "2019.05.31"]
[SourceQuality "1"]
[WhiteTeam "Austria"]
[BlackTeam "Wiener Amateur CC "]
[WhiteTeamCountry "AUT"]
[BlackTeamCountry "AUT"]

1. e4 e5 2. Nf3 Nf6 3. Nxe5 d6 4. Nf3 Nxe4 5. Nc3 Nxc3 6. dxc3 Be7 7. Bd3 Bg4 8. h3 Bh5 9. Be3 Nd7 10. g4 Bg6 11. Nd4 Nc5 12. Bf5 c6 13. Qe2 Na4 14. 0-0-0 0-0 15. Bxg6 hxg6 16. Qc4 Nb6 17. Qd3 d5 18. h4 Nc4 19. h5 Qb6 20. b3 Ne5 21. Qe2 Qa5 22. Kb1 Qxc3 23. Bc1 Bd6 24. Bb2 Qa5 25. f4 Nd7 26. hxg6 Bxf4 27. Nf5 fxg6 28. Qe6+ Rf7 29. Ne7+ 1-0

[Event "AUT-chT2O 1718"]
[Site "Austria"]
[Date "2018.02.25"]
[Round "9.5"]
[White "Kuntner, Reinhard1"]
[Black "Macko, Miroslav"]
[Result "0-1"]
[WhiteElo "2061"]
[BlackElo "2289"]
[PlyCount "82"]
[EventDate "2017.10.21"]
[EventType "team-tourn"]
[EventRounds "11"]
[EventCountry "AUT"]
[SourceTitle "EXT 2019"]
[Source "ChessBase"]
[SourceDate "2018.10.10"]
[SourceVersion "1"]
[SourceVersionDate "2018.10.10"]
[SourceQuality "1"]
[WhiteTeam "Nickelsdorf Blackburne"]
[BlackTeam "Austria"]
[WhiteTeamCountry "AUT"]
[BlackTeamCountry "AUT"]

1. c4 e6 2. Nf3 d5 3. e3 Nf6 4. b3 b6 5. Bb2 Bb7 6. Be2 Be7 7. 0-0 0-0 8. d3 c5 9. Nbd2 Nc6 10. a3 Qc7 11. Rc1 Rfd8 12. cxd5 Rxd5 13. d4 Rad8 14. Bc4 R5d7 15. Qe2 cxd4 16. exd4 Qb8 17. Bxe6 fxe6 18. Qxe6+ Kh8 19. Rxc6 Bxc6 20. Qxc6 Rc7 21. Qe6 Re8 22. Qf5 Qc8 23. Qd3 Nd5 24. Ne5 Bg5 25. Ndc4 Qe6 26. a4 Rf8 27. g3 Be7 28. f4 a6 29. f5 Qc8 30. Qf3 Nf6 31. g4 Nd7 32. Qh3 Kg8 33. Re1 Bb4 34. Re2 b5 35. axb5 axb5 36. Nxd7 Qxd7 37. Ne5 Qd5 38. Qd3 Rfc8 39. Kf2 Bc3 40. Nf3 Bxb2 41. Rxb2 Rc3 0-1

[Event "EU-ch blitz"]
[Site "Katowice"]
[Date "2017.12.15"]
[Round "5"]
[White "Andriasian, Zaven"]
[Black "Macko, Miroslav"]
[Result "1-0"]
[WhiteElo "2585"]
[BlackElo "2262"]
[PlyCount "87"]
[EventDate "2017.12.15"]
[EventType "swiss (blitz)"]
[EventRounds "22"]
[EventCountry "POL"]
[SourceTitle "CBM 182 Extra"]
[Source "ChessBase"]
[SourceDate "2018.02.23"]
[SourceVersion "1"]
[SourceVersionDate "2018.02.23"]
[SourceQuality "1"]

1. e4 c5 2. Nf3 Nc6 3. Bb5 g6 4. Bxc6 bxc6 5. 0-0 Bg7 6. Re1 Nf6 7. c3 0-0 8. d4 cxd4 9. cxd4 d5 10. e5 Ne4 11. Nbd2 Nxd2 12. Bxd2 Qb6 13. Bc3 Rd8 14. h3 c5 15. dxc5 Qxc5 16. Nd4 e6 17. Rc1 Bh6 18. Rc2 Ba6 19. Nb3 Qe7 20. Bd4 Bc4 21. Nc5 Rdc8 22. b3 Bb5 23. a4 Be8 24. b4 Qc7 25. Rc3 Qd8 26. Qd3 Bf8 27. Ra1 Bxc5 28. Bxc5 Qg5 29. Qd4 Bd7 30. b5 a6 31. b6 Bc6 32. Bd6 a5 33. Rac1 Bb7 34. Rc7 Qxc1+ 35. Rxc1 Rxc1+ 36. Kh2 Rc4 37. Qd2 Rxa4 38. Be7 Re4 39. Qh6 f5 40. exf6 Kf7 41. Qxh7+ Ke8 42. Bd6 Kd8 43. Qe7+ Kc8 44. Qc7# 1-0

[Event "SVK-chT2A 1718"]
[Site "Slovakia"]
[Date "2017.10.29"]
[Round "2.1"]
[White "Macko, Miroslav"]
[Black "Jablonicky, Martin"]
[Result "0-1"]
[WhiteElo "2245"]
[BlackElo "2302"]
[PlyCount "78"]
[EventDate "2017.10.28"]
[EventType "team-tourn"]
[EventRounds "11"]
[EventCountry "SVK"]
[SourceTitle "EXT 2019"]
[Source "ChessBase"]
[SourceDate "2018.10.10"]
[SourceVersion "1"]
[SourceVersionDate "2018.10.10"]
[SourceQuality "1"]
[WhiteTeam "Krasnany"]
[BlackTeam "Osuske II"]
[WhiteTeamCountry "SVK"]
[BlackTeamCountry "SVK"]

1. e4 g6 2. d4 Bg7 3. Nf3 d6 4. Bc4 Nf6 5. Qe2 c6 6. Bb3 e5 7. dxe5 dxe5 8. Nbd2 Qe7 9. 0-0 0-0 10. Nc4 Bg4 11. h3 Bxf3 12. Qxf3 b5 13. Ne3 Nbd7 14. c3 Nc5 15. Bc2 Rfd8 16. Ng4 h5 17. Nxf6+ Bxf6 18. Be3 Bg5 19. Rfd1 Bxe3 20. Qxe3 a5 21. a4 b4 22. cxb4 axb4 23. Bb3 Rd4 24. Rdc1 Ra5 25. Bc4 Rxa4 26. Rxa4 Nxa4 27. Qg3 Kg7 28. Bxf7 Qxf7 29. Qxe5+ Qf6 30. Qc7+ Kh6 31. Rxc6 Rd1+ 32. Kh2 Qxf2 33. Qe5 Qg1+ 34. Kg3 Qe1+ 35. Kh2 Qh1+ 36. Kg3 Rd3+ 37. Kh4 Rxh3+ 38. gxh3 Qe1+ 39. Qg3 Qxe4+ 0-1

[Event "EU-ch U16 27th"]
[Site "Mamaia"]
[Date "2017.09.11"]
[Round "6"]
[White "Erenberg, Ariel"]
[Black "Macko, Miroslav"]
[Result "1-0"]
[WhiteElo "2386"]
[BlackElo "2303"]
[PlyCount "117"]
[EventDate "2017.09.05"]
[EventType "swiss"]
[EventRounds "9"]
[EventCountry "ROU"]
[SourceTitle "CBM 180 Extra"]
[Source "ChessBase"]
[SourceDate "2017.10.06"]
[SourceVersion "1"]
[SourceVersionDate "2017.10.06"]
[SourceQuality "1"]

1. d4 d5 2. c4 e6 3. Nc3 Bb4 4. Nf3 dxc4 5. e3 b5 6. Bd2 c6 7. a4 a5 8. axb5 Bxc3 9. Bxc3 cxb5 10. b3 Bb7 11. bxc4 b4 12. Bb2 Nf6 13. Bd3 Nbd7 14. 0-0 0-0 15. Re1 Be4 16. Bxe4 Nxe4 17. Qc2 f5 18. Rec1 Qc7 19. Ne1 Qc6 20. Nd3 Rfb8 21. f3 Nef6 22. Qa4 Qxa4 23. Rxa4 Nb6 24. Ra2 Rc8 25. c5 Nbd5 26. Re1 Ne7 27. Ra4 Nc6 28. Nc1 Rcb8 29. e4 Kf7 30. Nb3 Rd8 31. Kf2 Ra7 32. h3 g5 33. Ke3 Nh5 34. Rc1 Nf4 35. g3 Ng6 36. Kf2 h5 37. Ke2 h4 38. gxh4 Nxh4 39. Rg1 fxe4 40. fxe4 Ng6 41. Rxg5 Rh8 42. Rg3 Rxh3 43. Rxh3 Nf4+ 44. Ke3 Nxh3 45. d5 exd5 46. exd5 Ne7 47. Kd4 Nf4 48. d6 Nc6+ 49. Ke4 Ne2 50. Kd5 Ra6 51. Kc4 Ke6 52. Kb5 Nb8 53. Ra1 Kd7 54. Re1 Nc3+ 55. Bxc3 bxc3 56. Re7+ Kd8 57. Nd4 Ra8 58. Ne6+ Kc8 59. Rc7# 1-0

[Event "EU-chT U18"]
[Site "Rymanow Zdroj"]
[Date "2017.08.24"]
[Round "7.7"]
[White "Percivaldi, Martin"]
[Black "Macko, Miroslav"]
[Result "0-1"]
[WhiteElo "2407"]
[BlackElo "2304"]
[PlyCount "98"]
[EventDate "2017.08.17"]
[EventType "team-swiss"]
[EventRounds "7"]
[EventCountry "POL"]
[SourceTitle "CBM 180 Extra"]
[Source "ChessBase"]
[SourceDate "2017.10.06"]
[SourceVersion "1"]
[SourceVersionDate "2017.10.06"]
[SourceQuality "1"]
[WhiteTeam "Denmark U18"]
[BlackTeam "Slovakia U18 II"]
[WhiteTeamCountry "DEN"]
[BlackTeamCountry "SVK"]

1. Nf3 d5 2. g3 c6 3. Bg2 Bg4 4. 0-0 Nd7 5. h3 Bh5 6. d4 e6 7. c4 Ngf6 8. cxd5 exd5 9. Qb3 Qb6 10. Qe3+ Be7 11. Nh4 Bg6 12. Nc3 Qd8 13. b4 a6 14. a4 0-0 15. Nxg6 hxg6 16. Rb1 b5 17. a5 Re8 18. Qd3 Rc8 19. Rd1 Nf8 20. e4 dxe4 21. Nxe4 Nd5 22. Nc5 Nxb4 23. Qb3 Bxc5 24. dxc5 Nd5 25. Be3 Ne6 26. Bxd5 cxd5 27. Qxd5 Qxd5 28. Rxd5 Red8 29. Rd6 Rxd6 30. cxd6 Rd8 31. Rd1 Kf8 32. Bb6 Rd7 33. Kg2 Ke8 34. Kf3 Rb7 35. Ke4 Kd7 36. Kd5 Rb8 37. Rd3 Rh8 38. Rd1 Rxh3 39. Be3 Rh5+ 40. Ke4 Nc5+ 41. Kf3 Rf5+ 42. Kg4 Ne4 43. f4 Rd5 44. Rc1 Nxd6 45. Rh1 Rd3 46. Bf2 Ne4 47. Be1 f5+ 48. Kh3 Rd1 49. Kg2 Nc5 0-1

[Event "EU-chT U18"]
[Site "Rymanow Zdroj"]
[Date "2017.08.21"]
[Round "5.6"]
[White "Gokerkan, Cem Kaan"]
[Black "Macko, Miroslav"]
[Result "1-0"]
[WhiteElo "2357"]
[BlackElo "2304"]
[PlyCount "101"]
[EventDate "2017.08.17"]
[EventType "team-swiss"]
[EventRounds "7"]
[EventCountry "POL"]
[SourceTitle "CBM 180 Extra"]
[Source "ChessBase"]
[SourceDate "2017.10.06"]
[SourceVersion "1"]
[SourceVersionDate "2017.10.06"]
[SourceQuality "1"]
[WhiteTeam "Turkey U18"]
[BlackTeam "Slovakia U18 II"]
[WhiteTeamCountry "TUR"]
[BlackTeamCountry "SVK"]

1. e4 c5 2. Nf3 Nc6 3. d4 cxd4 4. Nxd4 g6 5. c4 Nf6 6. Nc3 d6 7. Be2 Nxd4 8. Qxd4 Bg7 9. Be3 0-0 10. Qd2 a5 11. 0-0 a4 12. Rad1 Qa5 13. f3 Bd7 14. c5 Be6 15. cxd6 exd6 16. Qxd6 Rfd8 17. Qe7 Re8 18. Qc5 Qxc5 19. Bxc5 Nh5 20. a3 Rec8 21. Bd4 Bb3 22. Bxg7 Bxd1 23. Rxd1 Kxg7 24. Rd7 Nf4 25. Bf1 b6 26. Kf2 Rd8 27. Rxd8 Rxd8 28. Ke3 g5 29. g3 Ne6 30. Nxa4 Rb8 31. Nc3 Kf6 32. Nd5+ Ke5 33. Bc4 Kd6 34. Ba2 h6 35. f4 b5 36. e5+ Kd7 37. f5 Nc5 38. Kd4 Na4 39. b3 Nb6 40. b4 Nxd5 41. Bxd5 Ke7 42. Kc5 g4 43. Bc6 Rd8 44. Kxb5 Rd2 45. a4 Rxh2 46. a5 Rh3 47. a6 Rxg3 48. a7 Ra3 49. a8Q Rxa8 50. Bxa8 h5 51. Bg2 1-0

[Event "SVK-ch U16"]
[Site "Liptovsky Mikulas"]
[Date "2017.04.27"]
[Round "8"]
[White "Matis, Tibor"]
[Black "Macko, Miroslav"]
[Result "1/2-1/2"]
[WhiteElo "1872"]
[BlackElo "2290"]
[PlyCount "119"]
[EventDate "2017.04.22"]
[EventType "swiss"]
[EventRounds "9"]
[EventCountry "SVK"]
[SourceTitle "CBM 178 Extra"]
[Source "ChessBase"]
[SourceDate "2017.06.22"]
[SourceVersion "1"]
[SourceVersionDate "2017.06.22"]
[SourceQuality "1"]

1. e4 c5 2. Nf3 Nc6 3. d4 cxd4 4. Nxd4 g6 5. Nc3 Bg7 6. Be3 Nf6 7. f3 0-0 8. Be2 d5 9. exd5 Nb4 10. 0-0 Nfxd5 11. Nxd5 Nxd5 12. Bf2 e5 13. Nb3 Nf4 14. Re1 Qg5 15. Bg3 Rd8 16. Qc1 h5 17. Bxf4 exf4 18. c3 h4 19. Bf1 Bh6 20. Qc2 h3 21. Rad1 Bf5 22. Qf2 hxg2 23. Qxg2 Qf6 24. Nd4 Bf8 25. Nxf5 Qxf5 26. Kh1 Bc5 27. Bc4 Kg7 28. Bb3 Be3 29. Qc2 Qe5 30. Qe2 Qe7 31. Rd5 Rxd5 32. Bxd5 Rd8 33. Rd1 Qg5 34. c4 b5 35. b3 Qe5 36. Rb1 bxc4 37. bxc4 Rb8 38. Rxb8 Qxb8 39. Be4 f5 40. Bd3 Qb4 41. Qd1 Qb2 42. Qc2 Qa3 43. Be2 Kh6 44. Kg2 Qe7 45. Qc3 Kh7 46. Qe1 Bb6 47. Qf1 Qe3 48. Bd3 Kg7 49. Qe2 Qc5 50. Kh3 Kf7 51. Kg2 g5 52. Qf1 Qe3 53. c5 Qxc5 54. Bc4+ Kg6 55. Qe2 Kg7 56. Bb3 Qe3 57. Qxe3 fxe3 58. Kf1 Kf6 59. h3 Kg6 60. Be6 1/2-1/2

[Event "SVK-ch U16"]
[Site "Liptovsky Mikulas"]
[Date "2017.04.26"]
[Round "7"]
[White "Macko, Miroslav"]
[Black "Pechac, Jergus"]
[Result "0-1"]
[WhiteElo "2290"]
[BlackElo "2448"]
[PlyCount "64"]
[EventDate "2017.04.22"]
[EventType "swiss"]
[EventRounds "9"]
[EventCountry "SVK"]
[SourceTitle "CBM 178 Extra"]
[Source "ChessBase"]
[SourceDate "2017.06.22"]
[SourceVersion "1"]
[SourceVersionDate "2017.06.22"]
[SourceQuality "1"]

1. e4 c6 2. d4 d5 3. Nc3 dxe4 4. Nxe4 Bf5 5. Ng3 Bg6 6. Nf3 e6 7. h4 h6 8. h5 Bh7 9. Bd3 Bxd3 10. Qxd3 Nf6 11. Bf4 c5 12. 0-0-0 Nc6 13. Rhe1 cxd4 14. Qb5 Qb6 15. Nxd4 Bc5 16. Qxb6 axb6 17. Nb5 0-0 18. Ne4 Nxe4 19. Rxe4 Rxa2 20. Rd7 Bxf2 21. Kb1 Ra5 22. c4 Rfa8 23. Bd2 Ra1+ 24. Kc2 Bc5 25. Rxb7 Rd8 26. Rg4 Ne5 27. Re4 Rg1 28. b4 Rxg2 29. bxc5 Rdxd2+ 30. Kb3 Nd3 31. cxb6 Nc5+ 32. Kb4 Nxb7 0-1